000
00205 a2200097 4500
001
56093
100
_a
245
_a
Psychology around the world
260
_a
Islamabad
_b
Nnewnes
_c
090
_c
34753
_d
34753
942
_a
NUST-CAE
_c
_c
27506
999
_c
291166
_d
291166